[Event "Women's Speed Chess Q7"]
[Site "chess.com INT"]
[Date "2021.06.06"]
[Round "17"]
[White "Zaichenko, Daria"]
[Black "Eswaran, Aksithi"]
[Result "1-0"]
[WhiteTitle "WFM"]
[BlackTitle "WCM"]
[WhiteElo "2104"]
[BlackElo "1745"]
[WhiteFideId "4197453"]
[BlackFideId "2083485"]
[EventDate "2021.06.06"]

1. e4 c5 2. Nf3 Nc6 3. d4 cxd4 4. Nxd4 Nf6 5. Nc3 e5 6. Ndb5 d6 7. Bg5 a6 8. Na3
Be6 9. Nd5 Bxd5 10. exd5 Qa5+ 11. c3 Qxd5 12. Qxd5 Nxd5 13. O-O-O Nf6 14. Bxf6
gxf6 15. Nc4 Rd8 16. g3 Bh6+ 17. Kb1 d5 18. Nb6 d4 19. Bg2 d3 20. Be4 d2 21.
Rhf1 Ne7 22. f4 f5 23. Bxb7 Rb8 24. Nc4 e4 25. Rxd2 Kf8 26. Bxa6 Kg7 27. Ne5
Rhd8 28. Rfd1 Rxd2 29. Rxd2 f6 30. Rd7 fxe5 31. Rxe7+ Kf8 32. Rxe5 Kg7 33. Rxf5
Re8 34. Re5 Rxe5 35. fxe5 Be3 36. Be2 Bg1 37. h3 Bh2 38. g4 Bxe5 39. Kc2 Kf6 40.
c4 Ke6 41. b4 Kd6 42. a4 Kc6 43. Kb3 Bd4 44. c5 Kb7 45. Kc4 Bf2 46. Kd5 Be1 47.
b5 Bb4 48. c6+ Kc7 49. Kxe4 Ba5 50. Kd5 Bb6 51. Bd3 Ba5 52. Bxh7 Bb6 53. g5 Be3
54. g6 Bh6 55. h4 Bf8 56. h5 Kb6 57. Bg8 Kc7 58. Kc4 Kb6 59. Be6 Kc7 60. a5 Kd6
61. Bd5 Kc7 62. b6+ Kb8 63. Kb5 Kc8 64. c7 Kd7 65. Be6+ Kxe6 66. c8=Q+ Kf6 67.
Qxf8+ Kg5 68. g7 Kxh5 69. g8=Q Kh4 70. Qh6# 1-0

[Event "Women's Speed Chess Q7"]
[Site "chess.com INT"]
[Date "2021.06.06"]
[Round "17"]
[White "Sviridova, Vlada"]
[Black "Fominykh, Maria"]
[Result "0-1"]
[WhiteTitle "WFM"]
[BlackTitle "WGM"]
[WhiteElo "2144"]
[BlackElo "2206"]
[WhiteFideId "24109606"]
[BlackFideId "4142411"]
[EventDate "2021.06.06"]

1. d4 Nf6 2. c4 g6 3. Nc3 Bg7 4. e4 d6 5. Nf3 O-O 6. Be2 e5 7. O-O Nc6 8. d5 Ne7
9. Ne1 Nd7 10. Be3 f5 11. f3 f4 12. Bf2 g5 13. Nd3 Rf7 14. c5 Ng6 15. Rc1 Bf8
16. Kh1 h5 17. cxd6 cxd6 18. Rg1 Nf6 19. g3 fxg3 20. Rxg3 Bh6 21. Be3 Nh7 22.
Qd2 Rg7 23. Nb5 a6 24. Na3 Nf4 25. Nc4 h4 26. Rgg1 Bh3 27. Nb6 Rb8 28. Ne1 Nf6
29. a4 Nd7 30. a5 Nxb6 31. Bxb6 Qd7 32. Be3 Qa4 33. Bf1 Bxf1 34. Rxf1 Qb5 35.
Rf2 Qd7 36. Nd3 Qf7 37. Nxf4 gxf4 38. Bb6 Kh7 39. Rff1 Rbg8 40. Rc7 Qg6 41.
Rxg7+ Rxg7 42. Rg1 Qh5 43. Rxg7+ Bxg7 44. Qg2 h3 45. Qg4 Qxg4 46. fxg4 Kg6 47.
Kg1 Kg5 48. Kf2 Kxg4 49. Bc7 Bf8 50. b4 Be7 51. Bb6 f3 52. Be3 Bh4+ 53. Kf1 f2
54. Bxf2 Bxf2 55. Kxf2 Kf4 56. Ke2 Kxe4 57. Kf2 Kxd5 58. Kg3 e4 59. Kxh3 Kd4 60.
Kg4 e3 61. Kf3 Kd3 62. h4 e2 63. h5 e1=Q 0-1

[Event "Women's Speed Chess Q7"]
[Site "chess.com INT"]
[Date "2021.06.06"]
[Round "17"]
[White "Gaponenko, Inna"]
[Black "Babiy, Olga"]
[Result "1/2-1/2"]
[WhiteTitle "IM"]
[BlackTitle "WGM"]
[WhiteElo "2357"]
[BlackElo "2280"]
[WhiteFideId "14101181"]
[BlackFideId "14117258"]
[EventDate "2021.06.06"]

1. e4 c6 2. d4 d5 3. exd5 cxd5 4. c4 Nf6 5. Nc3 Nc6 6. cxd5 Nxd5 7. Nf3 e6 8.
Bd3 Be7 9. O-O b6 10. Nxd5 Qxd5 11. Re1 Bb7 12. Be4 Qd7 13. d5 exd5 14. Qxd5 Rd8
15. Qxd7+ Rxd7 16. Bxc6 Bxc6 17. Ne5 Rd6 18. Nxc6 Rxc6 19. Bf4 Re6 20. Rxe6 fxe6
21. Rc1 O-O 22. g3 Bc5 23. Rd1 e5 24. Be3 Bxe3 25. fxe3 Rc8 26. Rd2 Rc1+ 27. Kf2
Rc5 28. Kf3 Kf7 29. Rd7+ Kf6 30. Rxa7 Rc2 31. b4 Rxh2 32. Ra6 Kf7 33. a4 Ra2 34.
Rxb6 Rxa4 35. Ke4 Ra3 36. Rb7+ Kf6 37. Rb6+ Kf7 38. Kxe5 Rxe3+ 39. Kf4 Rb3 40.
Rb7+ Kg6 41. b5 h6 42. b6 Rb5 43. Rb8 Kf6 44. b7 Rb4+ 45. Kf3 Kg6 46. Ke3 Kh7
47. Kd3 Rb1 48. Kc4 Rb6 49. Kc5 Rb1 50. Kc6 Rc1+ 51. Kd6 Rd1+ 52. Kc6 Rc1+ 53.
Kd6 Rd1+ 54. Ke6 Re1+ 55. Kf5 Rf1+ 56. Ke5 Rb1 57. g4 Re1+ 58. Kd6 Rd1+ 59. Ke6
Re1+ 60. Kd6 Rd1+ 61. Ke6 Re1+ 62. Kd6 1/2-1/2

[Event "Women's Speed Chess Q7"]
[Site "chess.com INT"]
[Date "2021.06.06"]
[Round "17"]
[White "Bodnaruk, Anastasia"]
[Black "Pham, Le Thao Nguyen"]
[Result "1-0"]
[WhiteTitle "IM"]
[BlackTitle "IM"]
[WhiteElo "2446"]
[BlackElo "2369"]
[WhiteFideId "4181751"]
[BlackFideId "12401226"]
[EventDate "2021.06.06"]

1. e4 c6 2. d4 d5 3. e5 Bf5 4. Nf3 e6 5. Be2 Nd7 6. O-O h6 7. c3 Ne7 8. Na3 Bh7
9. Nc2 Nf5 10. Bd3 Be7 11. g4 Nh4 12. Nxh4 Bxd3 13. Qxd3 Bxh4 14. f4 Qe7 15. f5
O-O-O 16. fxe6 fxe6 17. Qg6 Rdf8 18. Be3 Kc7 19. b3 Rxf1+ 20. Rxf1 Rf8 21. Rxf8
Nxf8 22. Qd3 Qf7 23. Qf1 Qxf1+ 24. Kxf1 Nh7 25. Ne1 Bg5 26. Ke2 Kd7 27. Nf3 Bxe3
28. Kxe3 g5 29. h4 gxh4 30. Nxh4 Ke7 31. Nf3 Kf7 32. c4 Kg6 33. Kf4 Nf8 34. a4
Nd7 35. Nh4+ Kg7 36. Ng2 a5 37. Ne3 Nf8 38. c5 Ng6+ 39. Kg3 Ne7 40. Nc2 Nc8 41.
b4 axb4 42. Nxb4 Kg6 43. Kf4 Ne7 44. Nd3 h5 45. gxh5+ Kxh5 46. Nc1 Ng6+ 47. Ke3
Kg4 48. Nb3 Nh4 49. Na5 Nf5+ 50. Kd3 Kf4 51. Nxb7 Ne7 52. Nd8 Kf3 53. Nxe6 1-0

[Event "Women's Speed Chess Q7"]
[Site "chess.com INT"]
[Date "2021.06.06"]
[Round "17"]
[White "Priyanka, K"]
[Black "Ortez, Andrea"]
[Result "1-0"]
[WhiteTitle "WIM"]
[BlackTitle "WIM"]
[WhiteElo "2218"]
[BlackElo "1969"]
[WhiteFideId "5082986"]
[BlackFideId "6702392"]
[EventDate "2021.06.06"]

1. e4 c5 2. Nf3 Nc6 3. d4 cxd4 4. Nxd4 g6 5. Nc3 Bg7 6. Be3 Nf6 7. Bc4 O-O 8.
Bb3 d6 9. h3 Bd7 10. O-O a6 11. Re1 Rc8 12. Qd2 Na5 13. Rad1 Nc4 14. Bxc4 Rxc4
15. Qd3 Rc8 16. Nd5 Be6 17. c4 Bxd5 18. exd5 Nd7 19. b3 Nc5 20. Qe2 Qc7 21. Nf3
Rfe8 22. Bd4 b5 23. Bxg7 Kxg7 24. cxb5 axb5 25. Qxb5 Rb8 26. Qc4 Qa7 27. Re2 Nd7
28. Qd4+ Qxd4 29. Nxd4 Nc5 30. Nc6 Rb7 31. b4 Na4 32. Rde1 Nc3 33. Rxe7 Rexe7
34. Rxe7 Rb5 35. Rd7 Nxd5 36. Rxd6 Nxb4 37. Nxb4 Rxb4 38. Rd2 Rb1+ 39. Kh2 Ra1
40. Kg3 h5 41. Rb2 g5 42. Kf3 Kg6 43. Ke4 Re1+ 44. Kd4 Rg1 45. g3 Rh1 46. a4 Ra1
47. Rb4 g4 48. hxg4 hxg4 49. Kc5 Ra2 50. Rf4 1-0

[Event "Women's Speed Chess Q7"]
[Site "chess.com INT"]
[Date "2021.06.06"]
[Round "17"]
[White "Kanyamarala, Trisha"]
[Black "Komiagina, Maria"]
[Result "0-1"]
[WhiteTitle "WIM"]
[BlackTitle "WIM"]
[WhiteElo "2180"]
[BlackElo "2241"]
[WhiteFideId "45004722"]
[BlackFideId "4153987"]
[EventDate "2021.06.06"]

1. d4 Nf6 2. c4 g6 3. Nc3 Bg7 4. e4 d6 5. Nf3 O-O 6. Be2 Nc6 7. h3 e5 8. Be3 Kh8
9. O-O Qe8 10. dxe5 Nxe5 11. Nb5 Qe7 12. Nxe5 dxe5 13. Qc2 c6 14. Nc3 Be6 15.
Na4 b6 16. Rad1 Nd7 17. Nc3 f5 18. exf5 gxf5 19. f4 e4 20. Qd2 Rad8 21. Bd4 c5
22. Bxg7+ Qxg7 23. Nd5 Bxd5 24. cxd5 Nf6 25. d6 Rd7 26. Bb5 Rdd8 27. d7 a6 28.
Bc6 Qe7 29. Rfe1 Rf7 30. Qd6 Qxd6 31. Rxd6 Kg7 32. Red1 Kf8 33. Kf2 Ke7 34. g4
fxg4 35. hxg4 Nxg4+ 36. Kg3 Nf6 37. f5 Rg7+ 38. Kf4 Rg4+ 39. Ke5 Ng8 40. Re6+
Kf7 41. Rh1 h6 42. Rh2 e3 43. Re8 Rxd7 44. Bxd7 Nf6 45. Re6 Nxd7+ 46. Kd6 Nf6
47. Rxh6 Ne4+ 48. Rxe4 Rxe4 49. Rh1 e2 50. Re1 Kf6 51. Kd5 Re3 52. Kc4 Kxf5 53.
a3 Kf4 54. b4 cxb4 55. axb4 Kf3 56. Kd4 Re8 57. Kd3 Kf2 58. Ra1 e1=Q 0-1

[Event "Women's Speed Chess Q7"]
[Site "chess.com INT"]
[Date "2021.06.06"]
[Round "17"]
[White "Varshini, V"]
[Black "Nikolova, Adriana"]
[Result "1-0"]
[WhiteTitle "WGM"]
[BlackTitle "WGM"]
[WhiteElo "2226"]
[BlackElo "2243"]
[WhiteFideId "5091241"]
[BlackFideId "2908689"]
[EventDate "2021.06.06"]

1. e4 c6 2. d4 d5 3. e5 Bf5 4. c3 e6 5. Bd3 Bxd3 6. Qxd3 Nd7 7. Ne2 Ne7 8. O-O
c5 9. f4 Qb6 10. Ng3 g6 11. Kh1 h5 12. h3 h4 13. Ne2 Nf5 14. Nd2 cxd4 15. cxd4
Be7 16. Nf3 O-O-O 17. a3 Kb8 18. b4 Rc8 19. Bb2 Rc7 20. Nd2 Rhc8 21. Nb3 Rc2 22.
Nc5 R2xc5 23. dxc5 Bxc5 24. Rac1 Be3 25. Rxc8+ Kxc8 26. Rd1 Kb8 27. Bd4 Bxd4 28.
Nxd4 Ng3+ 29. Kh2 Qc7 30. Nf3 Nf5 31. Qd2 Nb6 32. Qf2 Qe7 33. Nd4 Ng3 34. Nb5
Ne4 35. Qf3 a6 36. Nd4 Nc4 37. Ne2 Nb2 38. Rb1 Nc4 39. Rc1 b5 40. a4 Qa7 41.
axb5 axb5 42. Nc3 Qa3 43. Nxe4 dxe4 44. Qxa3 Nxa3 45. Re1 Nc4 46. Rxe4 Kb7 47.
Rd4 Kc6 48. Kg1 Ne3 49. Kf2 Nc2 50. Re4 Kd5 51. Kf3 Nd4+ 52. Ke3 Nc2+ 53. Kd3 1-0

[Event "Women's Speed Chess Q7"]
[Site "chess.com INT"]
[Date "2021.06.06"]
[Round "17"]
[White "Kabanova, Ekaterina"]
[Black "Dauletova, Gulmira"]
[Result "1-0"]
[WhiteTitle "WFM"]
[BlackTitle "WGM"]
[WhiteElo "2138"]
[BlackElo "2257"]
[WhiteFideId "24112917"]
[BlackFideId "13702971"]
[EventDate "2021.06.06"]

1. c4 e5 2. e3 Nf6 3. a3 d5 4. cxd5 Nxd5 5. Qc2 Nc6 6. Nf3 Be7 7. Bb5 Bd7 8.
Bxc6 Bxc6 9. Nxe5 Qd6 10. Nxc6 bxc6 11. Nc3 O-O 12. O-O Rab8 13. d4 Nb6 14. Ne4
Qg6 15. f3 Rfe8 16. Qf2 Nd5 17. Qg3 Bf8 18. Qxg6 hxg6 19. Re1 Rb3 20. Kf2 f5 21.
Ng5 c5 22. e4 Nf6 23. d5 c4 24. Rb1 Bc5+ 25. Kf1 c3 26. Be3 c2 27. Bxc5 cxb1=Q
28. Rxb1 fxe4 29. fxe4 Nxe4 30. Nxe4 Rxe4 31. Bxa7 Re5 32. d6 cxd6 33. Bd4 Rd5
34. Bc3 Kf7 35. Re1 Rf5+ 36. Kg1 d5 37. Rd1 Ke6 38. Bxg7 Rf4 39. Bc3 Kd6 40. g3
Re4 41. Kf2 Kc5 42. Bb4+ Kc4 43. Bc3 d4 44. Bb4 Rxb2+ 45. Kf3 Re3+ 46. Kg4 Rxh2
47. Kg5 Rxg3+ 48. Kf4 Re3 49. Kg5 Rg2+ 50. Kf4 Re6 51. Rc1+ Kd3 52. Rd1+ Kc4 53.
Rc1+ Kb3 54. Rd1 1-0

[Event "Women's Speed Chess Q7"]
[Site "chess.com INT"]
[Date "2021.06.06"]
[Round "17"]
[White "Selkirk, Rebecca"]
[Black "Mohota, Nisha"]
[Result "0-1"]
[WhiteTitle "WCM"]
[BlackTitle "IM"]
[WhiteElo "1799"]
[BlackElo "2195"]
[WhiteFideId "14306514"]
[BlackFideId "5004330"]
[EventDate "2021.06.06"]

1. e4 Nf6 2. e5 Nd5 3. c4 Nb6 4. d4 d6 5. f4 g6 6. Nf3 Bg7 7. Bd3 O-O 8. O-O Be6
9. d5 Bg4 10. Qe2 N8d7 11. h3 Bxf3 12. Rxf3 dxe5 13. fxe5 Nxe5 14. Re3 Nxd3 15.
Qxd3 Bh6 16. Rf3 Bxc1 17. Nc3 Bh6 18. Raf1 Bg7 19. c5 Nd7 20. b4 Ne5 21. Qe2
Nxf3+ 22. Qxf3 Qd7 23. Ne4 f5 24. Ng5 Rf6 25. Ne6 Rxe6 26. dxe6 Qd4+ 27. Kh1 c6
28. b5 Qxc5 29. bxc6 Qxc6 30. Qd3 Rc8 31. Rd1 Qxe6 32. Qb5 b6 33. Rd7 Rc1+ 34.
Kh2 Qe5+ 35. Qxe5 Bxe5+ 36. g3 Rc2+ 37. Kg1 Kf7 38. Rxa7 Bxg3 39. Rb7 Be5 40.
Kf1 Bd4 41. a4 f4 42. Rd7 Bc5 43. Rd3 Ra2 44. Rf3 Rxa4 45. h4 Ra1+ 46. Ke2 Ra2+
47. Kd1 e5 48. Rd3 Ke6 49. Rd8 e4 50. Re8+ Kf5 51. Rd8 e3 52. Rd5+ Ke4 53. Rd8
f3 54. Re8+ Kf4 55. Rf8+ Bxf8 0-1

[Event "Women's Speed Chess Q7"]
[Site "chess.com INT"]
[Date "2021.06.06"]
[Round "17"]
[White "Nurmanova, Alua"]
[Black "Garifullina, Leya"]
[Result "0-1"]
[WhiteTitle "WFM"]
[BlackTitle "WGM"]
[WhiteElo "2093"]
[BlackElo "2399"]
[WhiteFideId "13729390"]
[BlackFideId "34127035"]
[EventDate "2021.06.06"]

1. e4 c5 2. Nf3 d6 3. d4 cxd4 4. Nxd4 Nf6 5. Nc3 a6 6. Bg5 e6 7. f4 h6 8. Bxf6
Qxf6 9. Qd2 Qd8 10. O-O-O Be7 11. Nb3 b5 12. g3 Qc7 13. Bg2 Bb7 14. Rhe1 Nd7 15.
a3 Bc6 16. Kb1 Qb6 17. Nd4 Bb7 18. e5 d5 19. f5 Rc8 20. fxe6 fxe6 21. Qe2 Nf8
22. Qh5+ g6 23. Qg4 Rxc3 24. bxc3 Bxa3 25. Bh3 Bc8 26. Rf1 Be7 27. Qf3 Rh7 28.
Ne2 a5 29. Nf4 Qc5 30. Qd3 Rg7 31. Ne2 b4 32. cxb4 Qxb4+ 33. Qb3 Qxb3+ 34. cxb3
Ba6 35. Rfe1 Bb4 36. Nd4 Bxe1 37. Rxe1 Bd3+ 38. Kb2 Bf5 39. Bf1 Rc7 40. Bb5+ Ke7
41. h3 Bxh3 42. Rh1 Bf5 43. Rxh6 Be4 44. Rh8 Rc5 45. Rxf8 Rxb5 46. Nxb5 Kxf8 47.
Nd6 Ke7 48. Nb7 d4 49. Nxa5 Kd7 50. Nc4 Kc6 51. Nd2 Kd5 52. b4 Kxe5 53. Kb3 Bd5+
54. Kc2 Kd6 55. Kd3 e5 56. b5 Kc5 57. Ke2 Kxb5 58. g4 Kc5 59. Kd3 Kd6 60. Ne4+
Bxe4+ 61. Kxe4 Ke6 62. g5 Kd6 0-1

[Event "Women's Speed Chess Q7"]
[Site "chess.com INT"]
[Date "2021.06.06"]
[Round "17"]
[White "Frayna, Janelle Mae"]
[Black "Sliwicka, Alicja"]
[Result "1-0"]
[WhiteTitle "WGM"]
[BlackTitle "WIM"]
[WhiteElo "2179"]
[BlackElo "2308"]
[WhiteFideId "5212499"]
[BlackFideId "1150677"]
[EventDate "2021.06.06"]

1. e4 c5 2. Nf3 d6 3. Bb5+ Bd7 4. Bxd7+ Qxd7 5. O-O Nf6 6. Re1 e6 7. c4 e5 8. b3
Nc6 9. Nc3 Be7 10. d3 O-O 11. Bg5 Nh5 12. Be3 Nf4 13. Bxf4 exf4 14. Nd5 Rae8 15.
Nxf4 f5 16. Nd5 f4 17. d4 b6 18. dxc5 bxc5 19. e5 g5 20. e6 Qd8 21. Nxe7+ Qxe7
22. Qd5 h6 23. Qxc6 g4 24. Nd2 f3 25. g3 Qg5 26. h4 Qxd2 27. Qd5 Qxd5 28. cxd5
Rf5 29. Rad1 Kg7 30. Re4 h5 31. b4 cxb4 32. Rxb4 Kf6 33. Rb7 Ra8 34. Rf7+ Kg6
35. Rd7 Re5 36. Rxd6 Re2 37. Rd7 Rb8 38. e7 Rbb2 39. Rf1 Kf7 40. d6 Rxa2 41. Rd8
Rad2 42. Rf8+ Kg7 43. e8=Q Rxe8 44. Rxe8 Rxd6 45. Re7+ Kf6 46. Rxa7 Rd2 47. Ra5
Kg6 48. Rg5+ Kh6 49. Re1 Rd6 50. Kh2 Rc6 51. Ree5 Rc2 52. Rxh5+ Kg6 53. Rhg5+
Kf6 54. Ref5+ Ke6 55. Re5+ Kd6 56. Rd5+ Kc6 57. Rc5+ Rxc5 58. Rxc5+ Kxc5 59. h5
Kd6 60. h6 Ke7 61. h7 Kf7 62. h8=Q Kg6 63. Qd4 Kf5 64. Qf4+ 1-0

[Event "Women's Speed Chess Q7"]
[Site "chess.com INT"]
[Date "2021.06.06"]
[Round "17"]
[White "Pourkashiyan, Atousa"]
[Black "Cori T., Deysi"]
[Result "0-1"]
[WhiteTitle "WGM"]
[BlackTitle "WGM"]
[WhiteElo "2322"]
[BlackElo "2388"]
[WhiteFideId "12502014"]
[BlackFideId "3801934"]
[EventDate "2021.06.06"]

1. e4 c5 2. Nf3 e6 3. d4 cxd4 4. Nxd4 Nc6 5. Nc3 Qc7 6. Be2 a6 7. O-O Nf6 8. Be3
Be7 9. f4 d6 10. Qe1 Bd7 11. Qg3 O-O 12. Rae1 Rfe8 13. Bd3 Nh5 14. Qf3 Nf6 15.
Kh1 b5 16. a3 Rab8 17. Qg3 Nh5 18. Qh3 g6 19. f5 exf5 20. exf5 Ne5 21. Nd5 Qd8
22. Bh6 Bg5 23. Bxg5 Qxg5 24. Qe3 Qxe3 25. Rxe3 Ng4 26. Rxe8+ Rxe8 27. Be2 Ngf6
28. Nxf6+ Nxf6 29. Bf3 gxf5 30. Rd1 Re5 31. Nb3 Be6 32. Kg1 Ne4 33. Bxe4 fxe4
34. Rxd6 e3 35. Kf1 Bc4+ 36. Ke1 Rf5 37. Nd2 exd2+ 38. Kxd2 Rf2+ 39. Kc3 Rxg2
40. h4 Kg7 41. Kb4 a5+ 42. Kxa5 Rxc2 43. b4 Rc3 44. Kb6 Rxa3 45. h5 Rh3 46. Rd4
Rxh5 47. Rg4+ Kf6 48. Rf4+ Rf5 49. Rh4 Kg6 50. Kc6 Rg5 51. Kd6 h5 52. Ke7 Re5+
53. Kf8 Kg5 54. Rh1 h4 55. Kg7 Kg4 56. Rg1+ Kh5 57. Kf6 Re2 58. Rg5+ Kh6 59. Rg8
Rf2+ 60. Ke7 Rf4 61. Kd6 Be6 62. Ke5 Rf5+ 63. Ke4 Rh5 64. Kf4 h3 65. Rh8+ Kg6
66. Rg8+ Kf6 67. Rg1 h2 68. Rh1 Bd5 69. Kg3 Bxh1 70. Kg4 Rh8 71. Kg3 Bc6 72. Kf2
h1=Q 73. Kg3 Rg8+ 74. Kf4 Qf3# 0-1

[Event "Women's Speed Chess Q7"]
[Site "chess.com INT"]
[Date "2021.06.06"]
[Round "17"]
[White "Ambartsumova, Karina"]
[Black "Tania, Sachdev"]
[Result "0-1"]
[WhiteTitle "IM"]
[BlackTitle "IM"]
[WhiteElo "2382"]
[BlackElo "2392"]
[WhiteFideId "4166299"]
[BlackFideId "5007844"]
[EventDate "2021.06.06"]

1. c4 e5 2. Nc3 Nf6 3. Nf3 d5 4. cxd5 Nxd5 5. Nxe5 Be7 6. Nf3 O-O 7. e3 c5 8. d4
Be6 9. Be2 Nc6 10. O-O cxd4 11. exd4 Qd7 12. Be3 Bf6 13. Ne4 Rad8 14. Nxf6+ Nxf6
15. Qd2 Bd5 16. Rfd1 Rfe8 17. a3 Ne4 18. Qc2 Rc8 19. Qd3 Na5 20. Ne5 Qe6 21. Bf3
Nd6 22. Bxd5 Qxd5 23. Rac1 f6 24. Nf3 Nac4 25. b3 Nb2 26. Qd2 Nxd1 27. Qxd1 Rxc1
28. Bxc1 Qe4 29. Be3 Nf5 30. Bd2 Nxd4 31. Be3 Nxf3+ 32. gxf3 Qg6+ 33. Kh1 Qf5
34. Qd4 Qxf3+ 35. Kg1 Qe4 36. Qd7 Re7 37. Qd8+ Re8 38. Qd7 Qe7 39. Qd5+ Kh8 40.
Bc5 Qe1+ 41. Kg2 Qe4+ 42. Qxe4 Rxe4 43. Kf3 Re1 44. a4 Rb1 45. b4 b6 46. Bd6 Rd1
47. Be7 Ra1 48. Ke4 Rxa4 49. Kd5 a5 50. b5 Ra2 51. Kc6 a4 52. Kxb6 a3 53. Ka6
Ra1 54. b6 a2 55. Bc5 Rb1 56. Bd4 a1=Q+ 57. Bxa1 Rxa1+ 58. Kb7 Rb1 59. Kc7 Rc1+
60. Kd8 Rb1 61. Kc7 Kg8 62. b7 Rc1+ 63. Kd8 Rd1+ 64. Kc7 Rc1+ 65. Kd8 Rb1 66.
Kc7 Kf7 67. b8=Q Rxb8 68. Kxb8 Ke7 69. Kc7 f5 70. Kc6 Ke6 71. Kc7 g5 72. Kc6 h5
73. Kc5 Ke5 74. Kc4 Kf4 75. Kd3 Kf3 76. Kd4 Kxf2 77. Ke5 f4 78. Kf5 f3 79. Kxg5
Kg2 80. Kf4 f2 81. Ke3 f1=Q 0-1

[Event "Women's Speed Chess Q7"]
[Site "chess.com INT"]
[Date "2021.06.06"]
[Round "17"]
[White "Pandey, Srishti"]
[Black "Head, Louise"]
[Result "1-0"]
[WhiteTitle "WFM"]
[BlackTitle "WFM"]
[WhiteElo "2026"]
[BlackElo "2090"]
[WhiteFideId "35093290"]
[BlackFideId "424773"]
[EventDate "2021.06.06"]

1. e4 c6 2. d4 d5 3. exd5 cxd5 4. c4 Nc6 5. Nc3 Nf6 6. Nf3 e6 7. Be3 Be7 8. Be2
dxc4 9. Bxc4 O-O 10. O-O a6 11. Rc1 b5 12. Bb3 Na5 13. Bc2 Nc4 14. b3 Nxe3 15.
fxe3 Bb7 16. Qd3 Rc8 17. Ne5 g6 18. Qd2 Bb4 19. Bb1 Nd5 20. Qf2 Rxc3 21. Rxc3
Nxc3 22. Bd3 Ne4 23. Qf4 f5 24. g4 Bd6 25. gxf5 exf5 26. Qh6 Bxe5 27. Bxe4 Bxe4
28. dxe5 Qe7 29. Qf4 Re8 30. Rd1 Qxe5 31. Qxe5 Rxe5 32. Rd7 Re6 33. Ra7 g5 34.
Kf2 h5 35. a3 Rc6 36. b4 Bd3 37. Kf3 Bc4 38. e4 fxe4+ 39. Kxe4 Rf6 40. Ke5 Re6+
41. Kf5 g4 42. Kg5 g3 43. hxg3 Re3 44. Kxh5 Rxg3 45. Rxa6 Kf7 46. Kh4 Rg1 47. a4
bxa4 48. Rxa4 Bb5 49. Ra7+ Ke6 50. Rb7 Bc6 51. Rb6 Kd7 52. Rb8 Kc7 53. Rf8 Bd5
54. Rf4 Kc6 55. Rg4 Rh1+ 56. Kg5 Kb5 57. Kf6 Bc4 58. Ke5 Re1+ 59. Kd6 Rd1+ 60.
Ke5 Kxb4 61. Rd4 Re1+ 62. Re4 Ra1 63. Rd4 Ra5+ 64. Ke4 Rc5 65. Rd8 Kc3 66. Rh8
Bd3+ 67. Kf4 Rc4+ 68. Ke5 Re4+ 69. Kd5 Rd4+ 70. Ke5 Bc4 71. Rh3+ Bd3 72. Rh8 Rd8
73. Rxd8 Bc4 74. Kf4 Bd3 75. Ke3 Bc4 76. Rc8 Kb4 77. Kd4 Bb5 78. Rb8 Ka5 79. Kc5
Ba6 80. Ra8 Ka4 81. Rxa6+ Kb3 82. Ra5 Kc3 83. Ra3+ 1-0

[Event "Women's Speed Chess Q7"]
[Site "chess.com INT"]
[Date "2021.06.06"]
[Round "17"]
[White "Nandhidhaa, P V"]
[Black "Fernandez, Maria Florencia"]
[Result "0-1"]
[WhiteTitle "WGM"]
[BlackTitle "WIM"]
[WhiteElo "2365"]
[BlackElo "2229"]
[WhiteFideId "5050847"]
[BlackFideId "116459"]
[EventDate "2021.06.06"]

1. e4 d6 2. d4 Nf6 3. Nc3 g6 4. Nf3 Bg7 5. Be2 O-O 6. O-O c6 7. h3 b5 8. a3 Nbd7
9. Be3 Qc7 10. Qd2 a6 11. Bh6 Bb7 12. Bxg7 Kxg7 13. Rfe1 c5 14. d5 b4 15. axb4
cxb4 16. Na4 Nxe4 17. Qd4+ Nef6 18. Bc4 Rfe8 19. b3 Rac8 20. h4 Nc5 21. h5 Nxa4
22. Rxa4 a5 23. Ng5 Qc5 24. h6+ Kxh6 25. Qh4+ Kg7 26. Re3 h6 27. Rh3 Rh8 28. Ne4
Nxe4 29. Qxe4 e6 30. Qf4 Bxd5 31. Bxd5 Qxd5 32. Rd3 Qe5 33. Qd2 Rc6 34. Ra1 Rhc8
35. Ra2 d5 36. Re3 Qf6 37. Rf3 Qe5 38. Re3 Qg5 39. Qd4+ Qf6 40. Qd2 d4 41. Rf3
Qe5 42. Qd3 Rc3 43. Qd1 Rxf3 44. Qxf3 Rc3 45. Qd1 Qd5 46. Ra1 e5 47. Ra2 Qc5 48.
Qd2 e4 49. Qe2 f5 50. Qd2 d3 51. cxd3 Rxd3 52. Qf4 Qd6 53. Qxd6 Rxd6 54. Rxa5
Rd1+ 55. Kh2 Rd3 56. Ra7+ Kf6 57. Ra6+ Kg5 58. Ra5 Rxb3 59. f3 exf3 60. gxf3
Rxf3 61. Rb5 Rb3 62. Kg2 h5 63. Rb6 h4 64. Kf2 h3 65. Kg1 Kh5 66. Kh2 g5 67. Rb5
Kg4 68. Rc5 f4 69. Rc4 Rb2+ 70. Kh1 b3 71. Rc3 f3 72. Rc5 Rb1+ 73. Kh2 Rb2+ 74.
Kh1 Rc2 75. Rb5 b2 76. Rb4+ Kh5 77. Rxb2 Rxb2 78. Kg1 Kh4 79. Kh1 Kg3 80. Kg1
Rb1# 0-1

[Event "Women's Speed Chess Q7"]
[Site "chess.com INT"]
[Date "2021.06.06"]
[Round "18"]
[White "Pham, Le Thao Nguyen"]
[Black "Nguyen, Hong Anh"]
[Result "1-0"]
[WhiteTitle "IM"]
[BlackTitle "WIM"]
[WhiteElo "2369"]
[BlackElo "1993"]
[WhiteFideId "12401226"]
[BlackFideId "12406732"]
[EventDate "2021.06.06"]

1. d4 Nf6 2. Nf3 g6 3. g3 Bg7 4. Bg2 O-O 5. O-O d5 6. c3 Nbd7 7. Nbd2 c5 8. Re1
b6 9. a4 Bb7 10. Nb3 Rc8 11. Bf4 Ne4 12. Nbd2 cxd4 13. cxd4 Ndf6 14. Ne5 Nxd2
15. Qxd2 Ne4 16. Qb4 a5 17. Qb3 e6 18. Rac1 Ba6 19. Nc6 Qd7 20. Qxb6 Bc4 21.
Rxc4 dxc4 22. Bxe4 h6 23. Rc1 g5 24. Be3 f5 25. Bg2 f4 26. Bd2 fxg3 27. hxg3 Qd6
28. Rxc4 1-0

[Event "Women's Speed Chess Q7"]
[Site "chess.com INT"]
[Date "2021.06.06"]
[Round "18"]
[White "Balabayeva, Xeniya"]
[Black "Grigoryan, Meri"]
[Result "1-0"]
[WhiteTitle "WFM"]
[BlackTitle "WFM"]
[WhiteElo "2116"]
[BlackElo "2044"]
[WhiteFideId "13719688"]
[BlackFideId "13300571"]
[EventDate "2021.06.06"]

1. e4 d5 2. exd5 Qxd5 3. Nf3 Nf6 4. d4 c5 5. c4 Qh5 6. d5 Bg4 7. Be2 Nbd7 8. Be3
e6 9. dxe6 fxe6 10. h3 Be7 11. Nbd2 O-O 12. O-O Bxf3 13. Nxf3 Rad8 14. Ng5 Qg6
15. Nxe6 Ne5 16. Nxd8 Rxd8 17. Qb1 Qf7 18. Qf5 Nxc4 19. Bxc4 Qxc4 20. Rad1 Rf8
21. Qd3 Qxa2 22. b3 b6 23. Ra1 Qb2 24. Rxa7 Rd8 25. Qc4+ Nd5 26. Rxe7 Kf8 27.
Ra7 Qf6 28. Rd1 Nxe3 29. Rxd8+ Qxd8 30. Qf4+ Qf6 31. Qb8+ 1-0

[Event "Women's Speed Chess Q7"]
[Site "chess.com INT"]
[Date "2021.06.06"]
[Round "18"]
[White "Berend, Elvira"]
[Black "Kazarian, Anna-Maja"]
[Result "1-0"]
[WhiteTitle "WGM"]
[BlackTitle "FM"]
[WhiteElo "2326"]
[BlackElo "2096"]
[WhiteFideId "4000510"]
[BlackFideId "1033689"]
[EventDate "2021.06.06"]

1. e4 e6 2. d4 d5 3. Nc3 Nf6 4. e5 Nfd7 5. f4 c5 6. Nf3 Nc6 7. Be3 Be7 8. Qd2
O-O 9. Be2 Qb6 10. O-O cxd4 11. Nxd4 Nxd4 12. Bxd4 Qc7 13. Kh1 a6 14. Bd3 b5 15.
a3 Bc5 16. Ne2 f6 17. exf6 Bxd4 18. Nxd4 Nxf6 19. Qe2 Qb6 20. c3 Bd7 21. Rae1
Rae8 22. Nf3 Ng4 23. h3 Rxf4 24. hxg4 Rxg4 25. Qe3 Qd6 26. Ne5 Rh4+ 27. Kg1 Bc8
28. Qf2 Qe7 29. Nc6 Qc7 30. Qxh4 Qxc6 31. Qxh7# 1-0